| 000 | 00514nam a22001817a 4500 | ||
|---|---|---|---|
| 005 | 20251108164119.0 | ||
| 008 | 250721s1986 xx 000 0 ara d | ||
| 082 | 1 | 4 | _a218,1/محم |
| 100 | 1 | _aعمارة، محمد | |
| 245 | 1 | 0 | _aالدين و الدولة / |
| 264 | 1 |
_aالقاهرة : _bالهيئة المصرية العامة للكتاب، _c1986. |
|
| 300 | _a242ص | ||
| 490 | 0 | _aقضايا إسلامية | |
| 650 | 1 | 7 | _aالإسلام |
| 650 | 1 | 7 | _aالدولة |
| 942 |
_2ddc _cBK |
||
| 999 |
_c3966 _d3966 |
||